000 01249nam a2200301 a 4500
001 000021048
003 DO-SdBNP
005 20241015140952.0
008 100830s1993 dr 001 0 spa d
040 _aDO-SdBNP
_bspa
_cBNPHU
049 _aBNPD
082 4 _a917.293
_bA861d
_222
245 0 0 _aAsuntos dominicanos en archivos ingleses /
_ceditores Bernardo Vega y Emilio Cordero Michel.
260 _aSanto Domingo :
_bFundación Cultural Dominicana,
_c1993.
300 _a208 p. ;
_c24 cm.
490 1 _aPublicación de la Fundación Cultural Dominicana
500 _aIncluye bibliografía y notas al pie de páginas.
651 4 _aRepública Dominicana
_xDescripciones y viajes
_91651
651 4 _aValle Cibao (República Dominicana)
_xDescripciones y viajes
_944025
700 1 2 _aSchomburgk, Robert H.,
_q(Robert Hermann),
_eSir,
_d1804-1865
_944026
700 1 2 _aWells, James W.
_q(William, James)
_944027
700 1 2 _aBurke, William P.
_d1880-
_tSeñor Burky
_lespañol
_f1993
_944028
700 1 _aVega, Bernardo,
_d1938 -
_eed.
_93222
700 1 _aCordero Michel, Emilio,
_d1929-2018
_eed.
_944029
830 0 _aPublicación de la Fundación Cultural Dominicana
_944030
910 _aValidado. Control de calidad EMS
942 _2ddc
_cLBS1
999 _c20551
_d20551